| 000 | 00363nam a2200145 a 4500 | ||
|---|---|---|---|
| 008 | 000212s1968||||xx 0 und c | ||
| 040 |
_aSNK _bslo _cSNK _eAACR2 |
||
| 100 | 1 | _aD azeglio, Massimo | |
| 245 | 1 | 0 | _aLesk a Pád Florencie |
| 260 |
_aBratislava _bSlovenský Spisovateľ _c1968 |
||
| 300 | _a574 s. | ||
| 020 | _c20,70 | ||
| 044 |
_axo _cSK |
||
| 041 | _aslo | ||
| 999 |
_c10244 _d10244 |
||